000 01031nam a2200241 a 4500
001 000028377
005 20250204073952.0
008 110408s1993 dr a 000 0 spa d
040 _aDO-SdBNP
_bspa
_cBNPHU
082 _a972.93
_bL453t
100 1 _aLebrón Saviñon, Mariano
_d1922-2014
_97227
245 1 3 _aLa trinitaria /
_cMariano Lebrón Saviñón.
260 _aSanto Domingo :
_bUniversitaria- UASD,
_c1993.
300 _a53 p. :
_bil. ;
_c21 cm.
490 1 _aPublicaciones de la Universidad Autónoma de Santo Domingo
_v730
490 1 _aHistoria y sociedad
_v86
610 2 4 _aLA TRINITARIA (SOCIEDAD POLÍTICA DE LA REPÚBLICA DOMINICANA)
_910481
651 0 _aRepública Dominicana --
_xHistoria --
_y1844-1930
_91009
651 4 _aRepública Dominicana
_xHistoria
_yOCUPACIÓN HAITIANA, 1822-1844
_97666
710 1 _aUniversidad Autónoma de Santo Domingo
_972951
830 0 _aPublicaciones de la Universidad Autónoma de Santo Domingo
_v730
_pHistoria y sociedad
_n86
_955339
910 _aValidado. Control de calidad MFF
999 _c27869
_d27869